000 00301nam a22001337a 4500
008 170713b xxu||||| |||| 00| 0 eng d
020 _a760789219177
041 _aeng
080 _a038
100 _a23
101 _aFJA
245 _aTHE ESSENTIAL LAW DICTIONARY
_cBLACKWELL.H
942 _2udc
_cBK
999 _c20447
_d20447